[Event "9th Beirut Open 2017"]
[Site "Beirut"]
[Date "2017.10.03"]
[Round "5"]
[White "Yilmaz, Mustafa"]
[Black "Kiriakov, Petr"]
[Result "1-0"]
[WhiteElo "2633"]
[BlackElo "2543"]
[Annotator "TA"]
[PlyCount "119"]
[EventDate "2017.??.??"]
[EventCountry "LBN"]
[SourceTitle "playchess.com"]
[Source "ChessBase"]
[SourceQuality "1"]

{[%evp 19,119,18,40,19,39,25,25,26,43,33,20,18,30,15,12,12,25,9,9,15,19,10,11,14,14,14,19,16,25,25,34,18,33,29,47,46,47,42,45,42,53,47,61,54,59,58,55,27,42,20,25,20,43,33,39,35,47,54,34,50,35,33,117,117,117,119,132,130,128,129,181,177,156,218,369,327,582,581,516,544,696,936,936,914,759,899,936,934,932,911,925,925,789,720,12848,29960,9475,5700,29976,5110,2318,1430]} 1. d4 e6 2. c4 Nf6 3. Nf3 Bb4+ 4. Bd2 Bxd2+ 5. Qxd2 d5 6. g3 O-O 7. Bg2 Qe7 8. O-O c6 9. Rc1 Nbd7 10. Qe3 Re8 {LiveBook: 10 Games} 11. Na3 {E11: Bogo-Indian} e5 12. dxe5 Nxe5 13. Nxe5 {White has an edge.} Qxe5 14. Qxe5 Rxe5 15. cxd5 Nxd5 16. e4 Nb6 17. Nc2 $146 ({Predecessor:} 17. b4 f6 18. Rab1 Re7 19. b5 Bd7 20. e5 Rxe5 21. bxc6 Bxc6 22. Bxc6 bxc6 23. Rxc6 Ra5 24. Nc4 Rxa2 25. Nxb6 axb6 {½-½ (25) Roeder,M (2467)-Balashov,Y (2575) Germany 2000}) 17... Kf8 18. Nb4 Re7 19. Nd3 Be6 20. Nc5 Rd8 21. Rd1 Rxd1+ 22. Rxd1 Bc8 23. f4 f6 24. Kf2 Nd7 25. Nd3 Nb6 26. b3 Rd7 27. Ke3 Ke7 28. Rc1 Rd8 29. Bf3 Nd7 30. h4 Nf8 31. g4 h6 32. f5 Nd7 33. Kf4 g5+ 34. Ke3 Re8 35. Rh1 c5 36. hxg5 hxg5 37. e5 Nxe5 38. Nxe5 (38. Nxc5 b6 $15) 38... Kd6 $1 39. Kf2 Rxe5 $14 {[%mdl 4096] Endgame KRB-KRB} 40. Rh6 Ke7 (40... Bxf5 $1 $14 41. gxf5 Rxf5) 41. Rh7+ $16 Kd6 42. Rf7 (42. Bxb7 $6 Bxb7 43. Rxb7 Re7 $11) 42... Re8 43. Rxf6+ Ke5 44. Rf7 Kf4 (44... a6 $16 45. Rc7 (45. Bxb7 Bxb7 46. Rxb7 Kf4 $16) 45... b6) 45. Rc7 $18 ({And not} 45. Bxb7 Bxb7 46. Rxb7 Rf8 $11) 45... b6 46. Rxa7 {[#] Black must now prevent Ra4+.} b5 $2 (46... Rd8 47. Be2 Rd6) 47. Rc7 Ba6 $2 (47... Rh8 {keeps fighting.} 48. Re7 (48. Rxc5 Rh2+ 49. Kg1 Rxa2 $16) 48... Rh2+ 49. Bg2 Kxg4) 48. Rxc5 Re3 49. Be2 Rh3 50. f6 {[%cal Bf5f6,Bf6f7][%mdl 32]} Rh2+ 51. Ke1 Rh8 52. Rf5+ Ke3 53. f7 {Hoping for Re5+.} Rf8 54. Rf6 Bc8 55. Bxb5 Bxg4 56. Bc4 Rd8 {[#]} 57. Be2 $1 {[%mdl 512]} Bxe2 58. Re6+ Kd3 59. Rxe2 (59. Re8 $142 Rxe8 60. fxe8=Q Bg4 61. Qe5 Bf3 62. Qxg5 Ke4 63. Kd2 Kd4 64. Qe3+ Kd5 65. Qxf3+ Ke6 66. a4) 59... Rf8 60. Re7 {Precision: White = 71%, Black = 35%.} 1-0

[Event "9th Beirut Open 2017"]
[Site "Beirut"]
[Date "2017.10.03"]
[Round "5"]
[White "Adly, Ahmed"]
[Black "Abdulaziz, Mahmoud"]
[Result "1-0"]
[WhiteElo "2625"]
[BlackElo "2093"]
[Annotator "TA"]
[PlyCount "63"]
[EventDate "2017.??.??"]
[EventCountry "LBN"]
[SourceTitle "playchess.com"]
[Source "ChessBase"]
[SourceQuality "1"]

{[%evp 9,63,-3,0,-26,-6,-44,-19,-19,43,38,24,-10,0,-16,-12,0,0,-33,-7,-10,0,-10,9,30,41,46,60,0,0,7,32,26,329,314,329,321,319,318,337,297,325,281,283,269,273,287,1630,1570,1596,1485,29990,29990,29995,29996,29997,29998]} 1. e4 d6 2. Bc4 Nf6 3. Nc3 g6 4. f4 Bg7 5. Nf3 O-O 6. Qe2 {B07: Pirc Defence: Miscellaneous Systems} (6. d3 c5 7. O-O Nc6 8. Kh1 e6 9. Bb3 Na5 10. Qe1 Nxb3 11. axb3 b6 12. Qh4 Nh5 13. Qxd8 Rxd8 14. e5 f5 15. exd6 Rxd6 {½-½ (44) Gashimov,V (2758)-Zubov,A (2581) Warsaw 2009}) 6... c5 $146 ({Predecessor:} 6... Nbd7 7. e5 Nh5 8. d4 Nb6 9. Bb3 Bh6 10. g3 dxe5 11. fxe5 Bxc1 12. Rxc1 Bg4 13. Rd1 a5 {1-0 (69) Sikora,R (1862)-Luczka,S (1630) Zamosc 2013}) 7. e5 dxe5 8. fxe5 {The position is equal.} Ng4 (8... Nh5 $11) 9. h3 $14 Nh6 $1 10. e6 f6 11. g4 Nc6 12. d3 Nd4 13. Nxd4 cxd4 14. Ne4 b5 15. Bb3 Bb7 16. O-O Qc7 17. Bf4 $36 {[%mdl 2048] White has some pressure.} Qc6 18. Ng3 ({White should play} 18. a4 $14) 18... g5 $11 19. Bd2 f5 {[#] Hoping for ...Be5!} 20. Bxg5 fxg4 $2 {[%mdl 8192]} (20... Be5 $1 $11 21. Rf4 Bxf4 22. Bxf4 fxg4 23. Bxh6 Rf6) 21. Bxe7 $18 Rf3 22. Rxf3 gxf3 23. Qf2 Kh8 24. Re1 Re8 25. Bg5 Qc5 26. Qd2 Nf5 {[#]} 27. Qf4 $1 h6 $2 (27... Nxg3 28. Qxg3 Qf5) 28. Nxf5 f2+ 29. Kxf2 {Bf6! would kill now.} Qc6 30. Re4 {White mates.} hxg5 31. Qxg5 {[%csl Gf5][%cal Rg5g7]} Qc7 32. Rh4+ {Precision: White = 61%, Black = 42%.} 1-0

[Event "9th Beirut Open 2017"]
[Site "Beirut"]
[Date "2017.10.03"]
[Round "5"]
[White "Pruijssers, Roeland"]
[Black "Ghannam, Kotayba"]
[Result "1-0"]
[WhiteElo "2512"]
[BlackElo "2022"]
[Annotator "TA"]
[PlyCount "59"]
[EventDate "2017.??.??"]
[EventCountry "LBN"]
[SourceTitle "playchess.com"]
[Source "ChessBase"]
[SourceQuality "1"]

{[%evp 23,59,30,56,47,47,47,40,37,65,57,139,137,124,133,124,120,149,88,236,243,236,243,275,251,252,264,296,318,270,216,385,322,29991,29992,29992,29993,29993,29994]} 1. e4 c5 2. Nf3 d6 3. d4 cxd4 4. Nxd4 Nf6 5. Nc3 a6 6. Be3 e5 7. Nb3 Be6 8. Qd2 Be7 9. O-O-O {B90: Sicilian Najdorf: Unusual White 6th moves, 6 Be3 Ng4 and 6 Be3 e5} Nbd7 10. f4 Ng4 11. g3 Nxe3 12. Qxe3 Nf6 {LiveBook: 3 Games} 13. Kb1 Qc7 14. f5 Bd7 {[#]} 15. Be2 $146 ({Predecessor:} 15. g4 Nxg4 16. Qg3 Nf6 17. Qxg7 {½-½ (88) Cheparinov,I (2687)-Kuzubov,Y (2578) Cala Mayor 2008}) 15... b5 16. a3 $1 Rc8 (16... h6 $14) 17. g4 $1 $16 {[%cal Bg3g4,Bg4g5][%mdl 32]} h6 18. h4 Bc6 {Threatening ...Bxe4!} 19. g5 Nd7 20. Bg4 ({Better is} 20. Rhg1) 20... Rb8 (20... a5 $16 {was necessary.}) 21. f6 $1 $18 {[%cal Rf6g7]} gxf6 22. Bxd7+ $1 ({Don't play} 22. gxh6 $6 Bf8 $16) 22... Qxd7 {[#]} 23. gxf6 $1 Bxf6 {[#]} 24. Nc5 $1 {[%cal Rc5d7][%mdl 512]} Qc8 (24... dxc5 25. Rxd7) 25. Rxd6 Be7 26. Rd2 a5 $2 (26... b4) 27. Nd5 Bxc5 $2 (27... Bxd5 $18 28. Rxd5 Qc7) 28. Nf6+ {White mates.} ({Less strong is} 28. Qxc5 Bxd5 29. Qxd5 Qc7 $18) 28... Ke7 29. Qxc5+ Kxf6 30. Rf1+ {Precision: White = 87%, Black = 40%.} 1-0

[Event "9th Beirut Open 2017"]
[Site "Beirut"]
[Date "2017.10.03"]
[Round "5"]
[White "Ibrahim, Hatim"]
[Black "Tsatsalashvili, Keti"]
[Result "0-1"]
[WhiteElo "2331"]
[BlackElo "2264"]
[Annotator "TA"]
[PlyCount "76"]
[EventDate "2017.??.??"]
[EventCountry "LBN"]
[SourceTitle "playchess.com"]
[Source "ChessBase"]
[SourceQuality "1"]

{[%evp 23,76,13,14,12,8,11,11,13,17,10,31,20,10,18,39,-10,-2,-13,-9,-6,-17,-64,-45,-37,-37,-220,-210,-217,-218,-218,-198,-211,-227,-218,-193,-212,-193,-182,-184,-177,-181,-262,-245,-431,-427,-439,-381,-501,-499,-884,-877,-870,-832,-29997,-29998]} 1. Nf3 d5 2. e3 c5 3. d4 Nc6 4. c4 e6 5. Nc3 Nf6 6. a3 cxd4 7. exd4 dxc4 8. Bxc4 Be7 9. O-O O-O 10. Bg5 Nd5 11. Bxd5 {E57: Nimzoindisch (Moderne Variante)} exd5 (11... Bxg5 12. Bxc6 bxc6 13. Ne4 Bf4 14. Qc2 a5 15. Rfe1 Rb8 16. Nc5 Qd5 17. Rad1 Bd6 18. Ne4 h6 {1-0 (77) Kamsky,G (2746)-Prasca Sosa,R (2415) Istanbul 2012}) 12. Bxe7 Nxe7 {[%cal Bc6e7,Be7f5,Bf5h4,Bh4f3][%mdl 32] LiveBook: 9 Partien} 13. Re1 {Die Stellung ist ausgeglichen.} h6 14. Qb3 Rb8 $146 ({Vorgänger:} 14... b6 15. Rac1 a6 16. Ne2 Bf5 17. Nf4 Qd6 18. Ne5 Rac8 {½-½ (30) Soysal,S (2367)-Kiremitciyan,A (2240) Kocaeli 2017}) 15. Ne5 {[%cal Bf3e5,Be5g6,Bg6f4][%mdl 32]} Be6 16. Rad1 Nf5 17. Ng6 Re8 18. Nf4 Qf6 19. Qa4 Nh4 $1 20. Nh5 ({Doch nicht} 20. Ncxd5 Qg5 $17) 20... Nf3+ 21. gxf3 Qxf3 {Droht ...b5 und aus.} 22. Rxe6 (22. Ng3 {wird mattgesetzt.} Bh3 $1 {[%mdl 512]} 23. Rxe8+ Rxe8 24. Qxe8+ Kh7 25. Qh8+ Kxh8 26. Nh1 Qg2#) 22... Rxe6 23. Ng3 h5 $1 $40 {[%cal Bh6h5,Bh5h4][%mdl 160] Droht stark ...h4. Weiss muss sich nun genau verteidigen.} 24. Qb5 $2 ({Falsch wäre} 24. Qxa7 $2 Rbe8 $19) (24. h4 $1 $15) 24... h4 $19 25. Qxd5 Qxd5 26. Nxd5 hxg3 27. hxg3 {[%mdl 4096] Endspiel [#] KTT-KTS} Re2 $1 28. b4 Rc8 29. Ne3 Ra2 30. Rd3 Rc1+ 31. Kg2 Re1 32. d5 (32. Nc4 {war einen Versuch wert.}) 32... Ree2 33. Rc3 $2 (33. Kf3) 33... Rxf2+ 34. Kh3 Rad2 35. b5 Kh7 36. Rc7 (36. Ng4 $142 Rfe2 37. Ne3) 36... f5 {[%csl Gd2][%cal Rf2h2]} 37. Kh4 Kh6 {[%cal Rf2h2]} 38. g4 g5+ {Precision: Weiß = 31%, Schwarz = 83%.} 0-1

[Event "9th Beirut Open 2017"]
[Site "Beirut"]
[Date "2017.10.03"]
[Round "5"]
[White "Noah, A  H  Al-Ali"]
[Black "Edelby, Ahmad"]
[Result "0-1"]
[WhiteElo "2299"]
[BlackElo "1531"]
[Annotator "TA"]
[PlyCount "60"]
[EventDate "2017.??.??"]
[EventCountry "LBN"]
[SourceTitle "playchess.com"]
[Source "ChessBase"]
[SourceQuality "1"]

{[%evp 13,60,30,29,28,25,27,33,0,11,8,23,-24,22,0,17,10,10,-15,-9,-12,25,20,29,-8,13,8,33,17,31,34,25,-63,36,-523,-516,-504,-423,-469,-361,-536,-393,-379,-375,-375,-374,-363,-362,-374,-366]} 1. e4 c5 2. Nf3 d6 3. d4 cxd4 4. Nxd4 Nc6 5. Be3 g6 6. Nc3 Bg7 7. Bb5 Bd7 8. f3 {B34: Sicilian: Accelerated Dragon with 5 Nc3: sidelines} Nf6 9. Qd2 a6 10. Ba4 {White is slightly better.} (10. Nxc6 Bxc6 11. Bxc6+ bxc6 12. Rd1 Qa5 13. b3 O-O 14. Na4 Qxd2+ 15. Kxd2 {½-½ (42) Saenko,O (2516)-Saglione,E (2547) ICCF email 2010}) 10... b5 11. Bb3 Na5 $146 ({Predecessor:} 11... Rc8 12. g4 O-O 13. O-O-O Na5 14. Kb1 Nc4 15. Bxc4 Rxc4 16. h4 b4 {1-0 (26) Just,A (1982)-Diederichs,L (1847) Bad Wiessee 2013}) 12. a3 Nxb3 (12... e5 $5 13. Nde2 $8 Nxb3 14. cxb3 Be6 $11) 13. Nxb3 Rc8 14. O-O O-O 15. Bh6 Qb6+ 16. Kh1 Rc7 17. Bxg7 Kxg7 18. Rac1 Rfc8 19. Nd5 Nxd5 20. exd5 e5 21. dxe6 $1 Bxe6 22. Rfd1 (22. Nd4 $11) 22... Kg8 ({Black should try} 22... Bxb3 $15 23. cxb3 Rxc1 24. Rxc1 Rxc1+ 25. Qxc1 d5) 23. Qxd6 $2 {[%mdl 8192] [#]} (23. Nd4 $14 {stays ahead.}) 23... Qxd6 $19 24. Rxd6 Bxb3 25. c3 Rc6 26. Rd7 (26. Rd2 $142) 26... a5 {[%cal Ba6a5,Ba5b4][%mdl 32]} 27. h3 {[#]Black is winning.} b4 $1 28. axb4 axb4 29. Rb7 Rc4 30. Kh2 Ba4 {Precision: White = 41%, Black = 41%.} 0-1

[Event "9th Beirut Open 2017"]
[Site "Beirut"]
[Date "2017.10.03"]
[Round "5"]
[White "Khairallah, Faisal"]
[Black "Kassis, Antoine"]
[Result "1/2-1/2"]
[WhiteElo "2274"]
[BlackElo "2130"]
[Annotator "TA"]
[PlyCount "61"]
[EventDate "2017.??.??"]
[EventCountry "LBN"]
[SourceTitle "playchess.com"]
[Source "ChessBase"]
[SourceQuality "1"]

{[%evp 24,61,43,47,43,39,58,40,44,36,39,0,19,-166,-140,-138,-122,-168,-108,-141,-118,-127,-125,-97,-96,-94,-49,-58,-61,-64,-40,-22,-41,-59,-60,-64,-38,-31,-4,-12]} 1. c4 g6 2. g3 Bg7 3. Bg2 d6 4. Nc3 Nf6 5. d4 O-O 6. Nf3 Nc6 7. O-O Bg4 8. h3 Bxf3 9. Bxf3 Nd7 10. e3 {[%cal Be2e3,Be3e4][%mdl 32]} e5 11. d5 Ne7 12. e4 f5 13. Rb1 {LiveBook: 8 Games. E62: King's Indian: Fianchetto: 6...c6 and Panno Variation (6...Nc6) without ...a6} (13. Bg2 a5 14. h4 Nf6 15. Bh3 Kh8 16. Kg2 c6 17. Bg5 h6 18. Bxf6 Rxf6 19. h5 f4 20. hxg6 Qb6 21. Qb3 {1-0 (34) Mchedlishvili,M (2590)-Cori Tello,J (2641) Linares 2017}) 13... Nf6 14. b4 Qd7 15. Bg2 {White is slightly better.} Rf7 16. exf5 $146 ({Predecessor:} 16. c5 Raf8 17. cxd6 cxd6 18. Be3 fxe4 19. Nxe4 Nfxd5 20. Ng5 Nxe3 21. fxe3 {0-1 (36) Horak,J (2196)-Weichhold,P (2382) Teplice 2013}) 16... gxf5 17. f4 e4 18. Nb5 $2 {[#]} (18. Be3 $11 {and White has nothing to worry.}) 18... Nexd5 $1 {[%mdl 512]} 19. Qb3 (19. cxd5 Qxb5) 19... Ne7 20. Rd1 {[#]} a6 (20... h5 $1 $19 21. Bf1 {[#]} h4 $1 {[%mdl 512]} 22. gxh4 Bh6) 21. Nc3 Qe6 22. Be3 Nh5 23. Kh2 c6 24. a4 Rd8 25. b5 axb5 26. axb5 d5 {Threatens to win with ...d4.} 27. bxc6 bxc6 28. Qb6 Qc8 29. Na4 Nf6 30. Bf1 Nd7 31. Qb3 {Precision: White = 45%, Black = 63%.} 1/2-1/2

[Event "9th Beirut Open 2017"]
[Site "Beirut"]
[Date "2017.10.03"]
[Round "5"]
[White "Mohannad, Farhan"]
[Black "Asmar, Elie"]
[Result "1/2-1/2"]
[WhiteElo "2243"]
[BlackElo "2061"]
[Annotator "TA"]
[PlyCount "113"]
[EventDate "2017.??.??"]
[EventCountry "LBN"]
[SourceTitle "playchess.com"]
[Source "ChessBase"]
[SourceQuality "1"]

{[%evp 15,113,6,18,14,3,4,27,6,22,18,27,25,44,0,13,25,64,62,58,73,218,217,258,238,277,276,460,442,460,452,453,448,443,450,433,397,449,443,457,372,374,372,361,347,436,283,283,283,275,268,256,256,493,493,483,483,495,438,435,428,404,116,82,0,0,0,0,0,0,0,0,0,0,0,0,0,103,0,299,0,105,112,120,120,120,0,0,0,0,0,0,0,0,0,0,0,0,0,0,0]} 1. Nf3 Nf6 2. b3 g6 3. e3 Bg7 4. Be2 O-O 5. O-O c5 6. Bb2 Nc6 7. d4 cxd4 8. Nxd4 d5 {LiveBook: 11 Partien} 9. Nxc6 {D04: Damenbauernspiele} bxc6 10. c4 Qc7 (10... a5 11. cxd5 cxd5 12. Nc3 Ne4 13. Qc1 Nxc3 14. Bxc3 e5 15. Rd1 d4 16. exd4 exd4 {0-1 (36) Adly,A (2594)-Svidler,P (2753) Dubai 2014}) 11. Qd4 $146 {Weiß hat minimalen Vorteil.} ({Vorgänger:} 11. cxd5 cxd5 12. Nc3 Bb7 13. Rc1 Qa5 14. a3 Rac8 15. b4 Qd8 16. Na4 Qd6 {1-0 (63) Norowitz,Y-Matlin,A (1866) ICC INT 2009}) 11... Re8 (11... Ba6 {seems wilder.} 12. Nc3 Rfd8 13. Na4 dxc4 14. Qc3 Ne8) 12. Nc3 {[%cal Rc4d5]} e5 13. Qh4 h6 14. Rac1 g5 (14... d4 $5 15. exd4 exd4 16. Qxd4 Bf5 $11) 15. Qg3 Ne4 16. Nxe4 dxe4 17. h4 f5 (17... Qe7 $16 {war nötig.}) 18. hxg5 $18 f4 19. Qh4 Qe7 20. exf4 hxg5 $2 (20... exf4 21. Bxg7 Qxg7 22. gxh6 Qe5) 21. fxg5 Bf5 22. c5 Rad8 23. Bc4+ Be6 24. Qxe4 Bd5 25. Qe3 Bxc4 26. Rxc4 ({Viel schwächer ist} 26. bxc4 Qe6 $18) 26... Rd5 27. g6 e4 28. Bxg7 Kxg7 29. Re1 Re5 30. f4 exf3 31. Qxe5+ Qxe5 32. Rxe5 Rxe5 33. gxf3 {[%mdl 4096] Endspiel KT-KT} Re2 $2 (33... Kxg6 {ist wohl besser.} 34. Kf2 a5) 34. Ra4 Kxg6 35. Rxa7 Kg5 36. Ra4 Rc2 37. b4 Kf4 38. Ra3 $2 (38. Ra8 $18 {bietet bessere Gewinnchancen.}) 38... Rb2 $16 39. Ra4 (39. Kf1 $16) 39... Kg3 {[%cal Rb2b1] [#]} 40. Kf1 Kxf3 {[%cal Rb2b1]} 41. Ke1 Ke3 {[%cal Rb2b1]} 42. Kd1 {Und weiter mit Kc1 wäre nett.} Kd3 {[%cal Rb2b1]} 43. Kc1 Rh2 44. a3 Kc3 {[%cal Rh2h1]} 45. Kd1 {Droht stark Ta6.} Ra2 (45... Kd3 $1 $11 46. Ke1 Ke3) 46. Ra6 ({Günstiger ist} 46. Ke1 $16) 46... Kc4 $2 {[%mdl 8192]} (46... Kd3 $11 {und Schwarz muss sich keine Sorgen machen.} 47. Ke1 Ke3) 47. Kc1 $2 (47. Rxc6 $18 {zielt auf Ta6 ab.} Rxa3 48. Rb6) 47... Kd5 (47... Kc3 $1 $11 48. Kd1 Kd3) 48. Kb1 Rh2 49. Rb6 Kc4 {[#]} 50. Rxc6 ({Weiss braucht} 50. Kc1 $1 $16 Kd5 51. Ra6) 50... Kc3 $1 $11 {Die Stellung ist ausgeglichen.} 51. a4 Kxb4 52. Rc8 Kxa4 53. Rb8 Rh5 54. c6 {Beabsichtigt c7 und Matt.} Rc5 55. Rc8 {Und c7 würde nun gewinnen.} Kb5 56. c7 Kb6 57. Kb2 {Precision: Weiß = 50%, Schwarz = 44%.} 1/2-1/2

[Event "9th Beirut Open 2017"]
[Site "Beirut"]
[Date "2017.10.03"]
[Round "5"]
[White "Najjar, Ahmad"]
[Black "Sursock, Sameer"]
[Result "1/2-1/2"]
[WhiteElo "2242"]
[BlackElo "2033"]
[Annotator "TA"]
[PlyCount "107"]
[EventDate "2017.??.??"]
[EventCountry "LBN"]
[SourceTitle "playchess.com"]
[Source "ChessBase"]
[SourceQuality "1"]

{[%evp 19,107,6,16,10,20,0,0,0,0,-30,-27,-96,-105,-98,-91,-103,-98,-108,-100,-127,-75,-63,-75,-93,-89,-102,-110,-86,-58,-122,-50,-55,-56,-56,-60,-43,-35,-41,-28,-40,-34,-45,0,0,0,0,0,0,-4,-13,-6,-27,-24,-52,-8,-8,0,0,0,0,0,0,0,0,0,0,0,0,0,0,0,0,0,-191,0,0,0,0,0,0,0,0,0,0,0,0,0,0,0,0]} 1. d4 Nf6 2. Nf3 g6 3. Bf4 Bg7 4. e3 O-O 5. Be2 c5 6. c3 b6 7. O-O Bb7 8. h3 d6 9. Nbd2 Nc6 10. Bh2 Re8 11. Qa4 $146 {A48: 1 d4 Nf6 2 Nf3 g6: Torre, London and Colle Systems} ({Predecessor:} 11. a4 a6 12. Qb3 Na5 13. Qa3 c4 14. b4 cxb3 15. Nxb3 Nxb3 16. Qxb3 Bd5 17. Qb2 Qc7 18. Rfc1 Reb8 {½-½ (35) Genov,P (2465)-Serafimov,T (2401) Mulhouse 2006}) 11... Qd7 12. Kh1 a6 13. dxc5 bxc5 14. Rad1 Ne5 15. Qh4 (15. Qxd7 $11 {remains equal.} Nexd7 16. Nc4) 15... Nxf3 $17 16. Bxf3 Bxf3 17. Nxf3 Qb5 18. Rb1 Rab8 19. Kg1 Qc6 (19... Qe2 $142 20. Rfe1 Qc2) 20. Qc4 Ne4 21. Rfd1 {[#]} Rb6 $1 22. Nd2 Nxd2 23. Rxd2 Reb8 24. b3 (24. Rc2 $15) 24... a5 ({Black should play} 24... Qb5 $17 25. Qxb5 axb5) 25. e4 $1 $15 {[#]} a4 $1 {[%mdl 512]} 26. e5 $1 {[%cal Re5d6]} (26. bxa4 Rxb1+) 26... axb3 27. axb3 Bxe5 28. Bxe5 dxe5 29. Rd5 Qe6 30. Qxc5 Rxb3 31. Rxb3 Rxb3 32. Rxe5 {[%mdl 4096] Endgame KQR-KQR} Rb1+ 33. Kh2 Qd6 34. f4 Rf1 35. Qc4 Rf2 36. Qe4 Qd2 37. Rxe7 Qxf4+ 38. Qxf4 Rxf4 $11 {KR-KR} 39. Kg3 Rc4 40. Re3 f5 41. Kf2 g5 42. Ke2 f4 43. Rf3 h5 44. Kd3 Ra4 45. c4 Ra2 46. g3 $2 (46. h4 $11 {and White is okay.}) 46... Ra3+ $2 ({Black should try} 46... fxg3 $19 {Threatens to win with ...g2.} 47. Ke4 g2) 47. Ke4 {The position is equal.} Rxf3 $1 48. Kxf3 fxg3 49. Kxg3 {KPP-KPP} Kf7 50. Kf3 Ke6 51. Ke4 Kd6 52. Kf5 g4 $1 {[%cal Rg4g3]} 53. hxg4 hxg4 54. Kxg4 {Precision: White = 58%, Black = 70%.} 1/2-1/2

[Event "9th Beirut Open 2017"]
[Site "Beirut"]
[Date "2017.10.03"]
[Round "5"]
[White "El Jawich, Amro"]
[Black "Khechen, Nabil E"]
[Result "1-0"]
[WhiteElo "2230"]
[BlackElo "1956"]
[Annotator "TA"]
[PlyCount "59"]
[EventDate "2017.??.??"]
[EventCountry "LBN"]
[SourceTitle "playchess.com"]
[Source "ChessBase"]
[SourceQuality "1"]

{[%evp 9,59,-15,-9,-16,16,14,22,0,0,0,0,-4,0,0,0,0,0,8,6,6,49,51,48,47,74,56,77,90,118,76,95,103,160,161,152,152,204,203,206,196,251,270,335,325,331,326,588,580,952,937,952,895]} 1. e4 c6 2. d4 d5 3. f3 e6 4. Nc3 Bb4 5. e5 (5. Be3 Ne7 6. a3 Ba5 7. Bd3 e5 8. b4 Bb6 9. Nge2 dxe4 10. Nxe4 exd4 11. Bg5 O-O 12. Bc4 Nd7 13. Nxd4 {½-½ (65) Savchenko,B (2599)-Riazantsev,A (2684) Rostov on Don 2014}) 5... b6 6. a3 $146 {B12: Caro-Kann: Advance Variation} ({Predecessor:} 6. f4 h5 7. Nf3 Ne7 8. Be3 Nf5 9. Bf2 Ba6 10. Bxa6 Nxa6 11. Qd3 Qc8 12. O-O Nc7 {1-0 (37) Senador,E (2380)-Viswanath,S (1967) Kuala Lumpur 2007}) 6... Bf8 7. f4 Nh6 8. Qh5 {The position is equal.} Nf5 9. Nf3 g6 10. Qh3 c5 11. Bd3 $36 {[%mdl 2048] Black is under pressure.} Nxd4 12. Nxd4 cxd4 13. Ne2 Nc6 14. b4 a6 15. Bb2 Bg7 16. Nxd4 Nxd4 17. Bxd4 O-O 18. Qe3 Rb8 19. O-O f5 20. c4 dxc4 (20... b5 $142) 21. Bxc4 $16 Rf7 22. Rfd1 {[%cal Bf1d1,Bd1c1,Bc1c6][%mdl 32]} Qc7 (22... g5 $16 {keeps fighting.} 23. Bb2 (23. fxg5 f4 $16) 23... Qe7) 23. Rac1 $18 {[#] Black must now prevent Bxe6!} Qb7 24. Be2 {[%cal Bc4e2,Be2f3,Bf3c6][%mdl 32]} Rc7 (24... Bd7 $142 25. Bf3 Qa7) 25. Bf3 Rxc1 26. Rxc1 Qa7 27. Rc6 Bf8 $2 {[#]} (27... Qf7 28. Bxb6 Bd7) 28. Bxb6 {White is clearly winning.} Qd7 29. Rc7 Qe8 30. Bc6 {Precision: White = 88%, Black = 35%.} 1-0

[Event "9th Beirut Open 2017"]
[Site "Beirut"]
[Date "2017.10.03"]
[Round "5"]
[White "Khader, Aram"]
[Black "Ghnatios, Ralph"]
[Result "1/2-1/2"]
[WhiteElo "2101"]
[BlackElo "1764"]
[Annotator "TA"]
[PlyCount "74"]
[EventDate "2017.??.??"]
[EventCountry "LBN"]
[SourceTitle "playchess.com"]
[Source "ChessBase"]
[SourceQuality "1"]

{[%evp 14,74,12,-1,0,-16,20,16,24,15,11,19,16,14,36,0,6,-15,0,-12,42,-21,0,0,-23,-19,-15,-10,-6,-23,0,-14,0,0,18,0,14,-86,-48,-128,-135,-592,-586,-561,-562,-709,-709,-820,-509,-503,-502,-471,-472,-450,-259,-374,-202,-200,-195,-195,-160,-152,0]} 1. e4 c5 2. Nc3 Nc6 3. g3 g6 4. Bg2 Bg7 5. Nge2 Nf6 6. O-O O-O 7. f4 d6 {B24: Closed Sicilian: 3 g3 sidelines} 8. h3 {LiveBook: 5 Games} Rb8 9. Kh2 (9. a4 a6 10. g4 Nd7 11. Ng3 b5 12. axb5 axb5 {0-1 (36) Alonso Moyano,J (2420)-Dziuba,M (2589) Linares 2013}) 9... Nd4 {The position is equal.} 10. Nxd4 cxd4 11. Ne2 $1 Nd7 12. d3 b5 13. Bd2 $146 ({Predecessor:} 13. b3 Qb6 14. Bb2 b4 15. Qd2 Bb7 16. a3 a5 17. a4 {1-0 (37) Sinton,P (1792)-Feenstra,J (1933) Dunedin 1999}) 13... b4 14. g4 a5 15. b3 Qc7 16. a3 Qc5 (16... bxa3 $11 17. Rxa3 Rb5) 17. a4 (17. Ra2 $14) 17... Bb7 18. Ng3 Rbc8 19. Ra2 Rc7 20. h4 e6 $36 {[%mdl 2048] Black is more active.} 21. g5 f5 22. Bh3 Kf7 23. h5 Nb6 24. Re1 Re8 25. hxg6+ (25. Qe2 $11 {remains equal.} Rce7 26. h6) 25... hxg6 $17 26. exf5 ({Better is} 26. Qf3 $15) 26... exf5 27. Bxf5 $2 {[%mdl 8192] [#]} (27. Rxe8 $17 {is tougher.} Kxe8 28. Bg2) 27... Rh8+ $19 28. Bh3 Bc8 29. f5 Be5 ({And not} 29... Bxf5 30. Nxf5 gxf5 31. Qf3 $15) 30. Kg2 Qd5+ 31. Re4 Bxg3 32. Kxg3 Rxh3+ 33. Kxh3 {[#] aiming for Kg3.} Bxf5+ (33... Qxf5+ $142 34. Kg2 Qh3+ 35. Kg1 Qg3+ 36. Kh1 Kg8 37. Re8+ Kg7) 34. Rg4 (34. Kg2 $142 Bxe4+ 35. dxe4 Qxe4+ 36. Qf3+ Qf5 37. Qxf5+ gxf5 38. Bf4) 34... Bxg4+ (34... Kg8 $142 35. Kg3 Qe5+ 36. Kg2 Re7) 35. Qxg4 {Black is clearly better.} Qh1+ 36. Kg3 Qg1+ 37. Kh3 Qh1+ $2 {Precision: White = 25%, Black = 45%.} (37... Qf2 $17 38. Qg2 Qf5+ 39. Qg4 Nd5 40. Qxf5+ gxf5) 1/2-1/2